Paixão partilhada e participativa: o caso do futebol /

Uloženo v:
Podrobná bibliografie
Hlavní autor: Damo, Arlei Sander
Médium: Text
Tagy: Přidat tag
Žádné tagy, Buďte první, kdo vytvoří štítek k tomuto záznamu!

MARC

LEADER 00000 a a2200000 04500
001 47670
003
040
100 |a Damo, Arlei Sander  
245 |a Paixão partilhada e participativa:   |b o caso do futebol /  |c Arlei Sander Damo  
773 |g volumen29, número57, (2012), páginas 45-72  
999 |c 29940  |d 29940